Top 5 Football Teams in Europe each year - Statistics

General Stats
  • This quiz has been taken 14 times
  • The average score is 15 of 31
Answer Stats
Year Team Answer % Correct
24/25 Liverpool Mohammed Salah
100%
15/16 Leicester City Jamie Vardy
83%
22/23 Manchester City Erling Haaland
75%
07/08 Manchester United Christiano Ronaldo
67%
14/15 Chelsea Eden Hazard
67%
21/22 Manchester City Kevin De Bruyne
67%
17/18 Liverpool Mohammed Salah
67%
05/06 Arsenal Thierry Henry
67%
03/04 Arsenal Thierry Henry
67%
18/19 Liverpool Virgil Van Dijk
67%
09/10 Manchester United Wayne Rooney
67%
06/07 Manchester United Christiano Ronaldo
58%
04/05 Chelsea Frank Lampard
58%
19/20 Manchester City Kevin De Bruyne
58%
16/17 Chelsea N'Golo Kante
58%
12/13 Tottenham Hotspur Gareth Bale
50%
23/24 Manchester City Phil Foden
50%
13/14 Liverpool Luis Suarez
42%
94/95 Blackburn Rovers Alan Shearer
33%
10/11 Manchester United Nemanja Vidic
33%
08/09 Manchester United Nemanja Vidic
33%
00/01 Arsenal Patrick Vieira
33%
20/21 Manchester City Ruben Dias
33%
02/03 Manchester United Ruud van Nistelrooy
33%
11/12 Manchester City Vincent Kompany
33%
97/98 Liverpool Michael Owen
25%
95/96 Manchester United Peter Schmeichel
25%
98/99 Manchester United Dwight Yorke
17%
01/02 Arsenal Freddie Ljungberg
17%
99/00 Sunderland Kevin Phillips
17%
96/97 Middlesbrough Juninho Paulista
8%
No matching quizzes found
Score Distribution
Percent of People with Each Score
Percentile by Number Answered
Your Score History
You have not taken this quiz